The role of the regulator (Record no. 74331)
[ view plain ]
| 000 -LEADER | |
|---|---|
| fixed length control field | 01134cab a2200253 4500 |
| 001 - CONTROL NUMBER | |
| control field | ABS67582 |
| 008 - FIXED-LENGTH DATA ELEMENTS--GENERAL INFORMATION | |
| fixed length control field | 040331n2004 000 0 eng u |
| 035 ## - SYSTEM CONTROL NUMBER | |
| System control number | (Sirsi) u125685 |
| 100 ## - MAIN ENTRY--PERSONAL NAME | |
| Personal name | Letts, J. |
| 245 #4 - TITLE STATEMENT | |
| Title | The role of the regulator |
| 260 ## - PUBLICATION, DISTRIBUTION, ETC. | |
| Date of publication, distribution, etc. | 2004 |
| 490 ## - SERIES STATEMENT | |
| Series statement | RICS Building Control |
| Volume/sequential designation | (149) April 2004, 12-13(2) |
| 520 ## - SUMMARY, ETC. | |
| Summary, etc. | Outlines ways in which confusion about "BS5839-1: 2002 Fire detection and alarm systems for buildings - Part 1: code of practice for design, installation, commissioning and maintenance" can be eradicated. Observes that many specifications require a new fire detection and alarm system to meet the requirements of BS5839-1, but historically this may not have been delivered or there is no evidence of compliance. Suggests regulators examine fire certificates closely, as outlined in BS5839-1. |
| 590 ## - LOCAL NOTE (RLIN) | |
| Local note | ABS |
| 650 ## - SUBJECT ADDED ENTRY--TOPICAL TERM | |
| Topical term or geographic name entry element | BS 5839-1: 2002 |
| 650 ## - SUBJECT ADDED ENTRY--TOPICAL TERM | |
| Topical term or geographic name entry element | BS 5839-1: 1988 |
| 650 ## - SUBJECT ADDED ENTRY--TOPICAL TERM | |
| Topical term or geographic name entry element | BRITISH STANDARDS |
| 650 ## - SUBJECT ADDED ENTRY--TOPICAL TERM | |
| Topical term or geographic name entry element | MONITORING |
| 650 ## - SUBJECT ADDED ENTRY--TOPICAL TERM | |
| Topical term or geographic name entry element | FIRE DETECTION |
| 650 ## - SUBJECT ADDED ENTRY--TOPICAL TERM | |
| Topical term or geographic name entry element | FIRE ALARMS |
| 650 ## - SUBJECT ADDED ENTRY--TOPICAL TERM | |
| Topical term or geographic name entry element | FIRE CERTIFICATES |
| 690 ## - LOCAL SUBJECT ADDED ENTRY--TOPICAL TERM (OCLC, RLIN) | |
| Topical term or geographic name as entry element | BUILT ENVIRONMENT-BUILDING STANDARDS |
| 942 ## - ADDED ENTRY ELEMENTS (KOHA) | |
| Suppress in OPAC | 0 |
| Withdrawn status | Lost status | Source of classification or shelving scheme | Damaged status | Not for loan | Home library | Current library | Shelving location | Date acquired | Total Checkouts | Full call number | Barcode | Date last seen | Copy number | Price effective from | Koha item type |
|---|---|---|---|---|---|---|---|---|---|---|---|---|---|---|---|
| Dewey Decimal Classification | London | London | Journal article | 31/03/2004 | ABS67582 | 125685-1001 | 06/08/2019 | 1 | 06/08/2019 | Journal article |